LEADER 01515nam a2200253 i 4500 001 000000243336 003 CaOOAMICUS 005 20150630000000.0 008 150630s1997 it u000 u ita u 013 $a222241 040 $aSeMil$bita 100 1 $aLocarno, Massimo.$0(OLS)http://semarc/name/82150 245 10$aStoria delle parrocchie del comune di Samarate durante l'episcopato del Beato Card. A. C. Ferrari (1894-1921) e sue visite pastorali /$cTesi di Magistero in Scienze Religiose di Massimo Locarno ; Relatore : Ch.mo prof. don Ennio Apeciti. 260 $aMilano :$b[s.n.],$c1997. 300 $aVIII, 263 c. ;$c30 cm. 500 $aContiene : Bibliografia ; Appendice. - In testa al front : Istituto Superiore di Scienze Religiose di Milano. - Ai pie' del front : Anno Accademico 1996-1997. 650 4$aTesi di laurea.$0(OLS)http://semarc/subject/1690 650 4$aFerrari, Andrea Carlo - Visite pastorali.$0(OLS)http://semarc/subject/36379 700 1 $aApeciti, Ennio,$c.$0(OLS)http://semarc/name/10867 710 0 $aIstituto Superiore di Scienze Religiose .$0(OLS)http://semarc/name/2495 850 $aSeMil 852 $aSeMil$W1$xVenegono$y1$m4X I 110$j193682$B193682$CSeMilBibl$Z2$F204416 $8L 996 $6245$aStoria delle parrocchie del comune di Samarate durante l'episcopato del Beato Card. A. C. Ferrari (1894-1921) e sue visite pastorali$9(OLS)http://semarc/title/345166 996 $6260$aMilano :$b[s.n.]$9(OLS)http://semarc/publisher/29709 LEADER 01642nam a2200349 i 4500 001 000000120623 003 CaOOAMICUS 005 20211220115239.0 008 031125s1980 it u000 u ita u 013 $a93317 020 $a88-215-0145-0 040 $aSeMil$bita 100 1 $aCānopi, Anna Maria,$c.$0(OLS)http://semarc/name/90313 245 13$aIl mistero di Cristo celebrato nei Salmi :$b(lectio divina) /$cAnna Maria Canopi. 264 1$aRoma :$bEdizioni Paoline,$c1980. 300 $a206 p. ;$c20 cm. 490 1 $aSul monte della presenza ;$v6 541 0 $aFondo card. Giovanni Colombo (3F II 177) 541 0 $aFondo card. Carlo Maria Martini (3F I 884) 650 4$aBibbia. Antico Testamento. Salmi - Meditazioni.$0(OLS)http://semarc/subject/3798 830 0$aSul monte della presenza ;$v6.$0(OLS)http://semarc/title/6226 850 $aSeMil 852 $aSeMil$W1$xVenegono$y1$m3F II 177$j75780$B75780$CSeMilBibl$Z2$F94497 $81 852 $aSeMil$W1$xVenegono$y1$m3F I 884$j230810$B239573$CSeMilBibl$Z2$F239573 $81 941 1 $a4 941 1 $a3 961 $aLascito: Colombo Card. Giovanni. -- Con dedica autografa dell'autrice (Anna Maria Canopi) 961 $aFondo card. C.M. Martini. -- Con dedica autografa dell'autrice (Anna Maria Canopi) al card. C.M. Martini (3 giugno 1981) 996 $6020$a88-215-0145-0$9(OLS)http://semarc/number/105905 996 $6245$aIl mistero di Cristo celebrato nei Salmi :$b(lectio divina)$9(OLS)http://semarc/title/177515 996 $6264$aRoma :$bEdizioni Paoline$9(OLS)http://semarc/publisher/29700